| 000 | 01705nam a22001457a 4500 | ||
|---|---|---|---|
| 999 |
_c525888 _d525888 |
||
| 008 | 240423b ||||| |||| 00| 0 eng d | ||
| 100 |
_aRugeiyamu, Rogers et al _951829 |
||
| 245 | _aThe hindrances to income growth of smallholder sunflower farmers in Tanzania: A market knowledge aperture cause? | ||
| 260 | _aInternational Journal of Rural Management | ||
| 300 | _a20(1), Apr, 2024: p.7-23 | ||
| 520 | _aIncome growth for smallholder sunflower farmers is persistently dominating the writing due to the crop’s contribution to the national economy. Ponders are proceeding to divulge challenges going up against smallholder sunflower agriculturists around the globe. This study assesses whether the market knowledge gap hinders the income growth of smallholder sunflower farmers. Kongwa district of Tanzania is recruited as a study area. A Case study is used as a design where data were collected through interviews, Focus Group Discussion and observation from thirty (30) participants. The findings discovered that limited market knowledge attributed to an unfriendly selling system affects the income growth of smallholder sunflower farmers. Also, poverty and lack of a communication platform between the LGA and smallholder sunflower farmers are other discovered factors. The study recommends changing the modality of using middlemen to allow farmers to sell crops directly to the buying companies, establish farmer’s cooperatives and ensure continuous sharing between smallholder sunflower farmers and the LGA.- Reproduced https://journals.sagepub.com/doi/full/10.1177/09730052231157542 | ||
| 773 | _aInternational Journal of Rural Management | ||
| 906 | _aAGRICULTURE | ||
| 942 | _cAR | ||